| 000 | 01531nam a2200385 a 4500 | ||
|---|---|---|---|
| 001 | 000011324 | ||
| 003 | DO-SdBNP | ||
| 005 | 20250401151533.0 | ||
| 008 | 091016s2004 dr 001 0 spa d | ||
| 020 | _a9993490644 | ||
| 040 |
_aDO-SdBNP _bspa _cBNPHU |
||
| 049 | _aBNPD | ||
| 082 |
_a398.097293 _bG241f, 2004 |
||
| 100 | 1 |
_aGarrido de Boggs, Edna, _d1913- _917737 |
|
| 245 | 1 | 0 |
_aFolklore infantil de Santo Domingo / _cEdna Garrido de Boggs ; edición Eleanor Grimaldi Selié ; ilustración Gloria Gastón ; transcripciones musicales de Ruth Crawford Seeger. |
| 250 | _a3a. ed. facsímilar | ||
| 260 |
_aSanto Domingo : _bSociedad Dominicana de Bibliófilos, _c2004. |
||
| 300 |
_a662 p. : _bil., mús. |
||
| 490 | 1 |
_aClásicos bibliófilos _v8 |
|
| 500 | _aIncluye letras y partituras musicales. | ||
| 504 | _aIncluye referencias bibliográficas y notas al pie de las páginas. | ||
| 504 | _aBibliografía: p. 637-645 | ||
| 533 |
_aFacsímilar _bMadrid: _cCultura Hispánica, _d1955 _e21 cm. |
||
| 590 | _aInventariado, 2018/ VM | ||
| 650 | 4 |
_aCanciones folclóricas dominicanas _926921 |
|
| 650 | 4 |
_aFolclore y niños _zRepública Dominicana _926922 |
|
| 650 | 4 |
_aLiteratura folclórica dominicana _926923 |
|
| 650 | 4 |
_aJuegos infantiles _926924 |
|
| 700 | 1 | 2 |
_aGrimaldi Silié, Eleanor, _d1948- _eed. _985713 |
| 700 | 1 | 2 |
_aGastón, Gloria _eil. _926926 |
| 700 | 1 | 2 |
_aCrawford Seeger, Ruth _926927 |
| 830 | 0 |
_aClásicos bibliófilos _v8 _92575 |
|
| 910 | _aValidado. Control de calidad MFF | ||
| 942 |
_2ddc _cLBS1 |
||
| 999 |
_c11031 _d11031 |
||